Bedri Rahmi Eyüboğlu (Record no. 5079)
[ view plain ]
| 000 -BAŞLIK | |
|---|---|
| Sabit Uzunlukta Kontrol Alanı | 00799na a2200253 4500 |
| 001 - KONTROL NUMARASI | |
| Denetim Alanı | 16237 |
| 003 - KONTROL NUMARASI IDENTIFIER | |
| Denetim Alanı | MIRAKIL |
| 005 - SON İŞLEM TARİHİ VE ZAMANI | |
| Denetim Alanı | 20181213155026.0 |
| 008 - SABİT-BOY VERİ ELEMANLARI - GENEL BİLGİLER | |
| Sabit Uzunlukta Kontrol Alanı | 161001b tu 000 0 |
| 020 ## - ULUSLARARASI STANDART KİTAP NUMARASI | |
| Uluslararası Standart Kitap Numarası | 9789751735751 |
| 035 ## - SİSTEM KONTROL NUMARASI | |
| Sistem Kontrol Numarası | 16237 |
| 040 ## - KATALOGLAMA KAYNAK | |
| Orijinal Kataloglama Ajansı | Milas |
| Kataloglama Dili | tur |
| Metne Dönüştürmek Ajansı | TR-AnCHP |
| 082 ## - DEWEY ONLU SINIFLANDIRMA NUMARASI | |
| Sınıflandırma Numarası | 927.59 Eyüboğlu,B. |
| Ürün Numarası | B32 2011 |
| 090 ## - SINIFLAMA NUMARASI | |
| Sınıflama Numarası | 927.59 Eyüboğlu,B. B32 2011 |
| 245 ## - BAŞLIK TABLOSU | |
| Başlık | Bedri Rahmi Eyüboğlu |
| Sorumluluk Tablosu, Vb | Editör Ömer Faruk Eyüboğlu |
| 260 ## - YAYIN, DAĞITIM, VB | |
| Yayın, Dağıtım, Vb Yeri | Ankara |
| Yayıncı, Dağıtıcı, Vs Adı | Kültür ve Turizm Bakanlığı |
| Yayın, Dağıtım, Vb Tarihi | 2011 |
| 300 ## - FİZİKSEL TANIM | |
| Kapsam | 468 s. |
| Diğer Fiziksel Ayrıntıları | fotğ. , res. |
| Boyutlar | 34 sm. |
| 504 ## - KAYNAKÇA VB NOT | |
| Kaynakça Vb Notu | Kaynakça var. |
| 600 ## - KONU KATMA GİRİŞ - KURUMSAL ADI | |
| Kişisel Ad | Eyuboğlu, Bedri Rahmi |
| Bir Adıyla İlişkilendirilen Tarihler | 1911-1975 |
| Genel Alt Bölümü | Sanat hayatı |
| 600 ## - KONU KATMA GİRİŞ - KURUMSAL ADI | |
| Kişisel Ad | Eyuboğlu, Bedri Rahmi |
| Bir Adıyla İlişkilendirilen Tarihler | 1911-1975 |
| Genel Alt Bölümü | Yaşamöyküsü |
| 650 ## - KONU KATMA GİRİŞ - TOPİKAL DÖNEM | |
| Topikal Süreli Veya Coğrafi Ad Giriş Elemanı | Ressamlar |
| Coğrafi Alt Bölümü | Türkiye |
| 700 ## - KATMA GİRİŞ - KİŞİSEL İSİM | |
| Kişisel Ad | Eyüboğlu, Ömer Faruk |
| 942 ## - EKLENDİ GİRİŞ ELEMANLARI (KOHA) | |
| Sınıflandırma Veya Raf Düzeni Kaynak | Dewey Decimal Classification |
| Koha Öğesi Türü | Books |
| 999 ## - SİSTEM KONTROL NUMARALARI (KOHA) | |
| Koha Biblionumber | 5079 |
| Koha Biblioitemnumber | 5079 |
| Kalıcı Konum | Mevcut Konum | Edinme Tarihi | Edinim Kaynak | Toplam Check-Out'Lar | Tam Çağrı Numarası | Barkod | Tarih Son Görülme | İtibaren Geçerli Fiyatlar | Koha Öğesi Türü |
|---|---|---|---|---|---|---|---|---|---|
| CHP Kütüphanesi | CHP Kütüphanesi | 10/01/2016 | Bağış | 927.59 Eyüboğlu,B. B32 2011 | 005138 | 10/01/2016 | 10/01/2016 | Books |
